• 首页
  • 本馆介绍
  • 公告通知
  • 最新文献
  • 馆藏检索
  • 电子资源
  • 读者导购
  • 参考咨询
  • 我的图书馆
  • 登录
  • 详细信息显示
  • 放入我的书架
  • 预约/预借图书
  • 作者相关作品
  • 分类相关作品
  • 丛书相关作品
  • 出版社相关作品

书目信息

  • 表格格式
  • 工作单格式
  • 卡片格式
题名:
数据结构
    
 
作者: 雷军环 , 吴名星 编著
分册:  
出版信息: 北京   清华大学出版社  2015.11
页数: 221页
开本: 26cm
丛书名:
单 册:
中图分类: TP311.12 , TP312JA
科图分类:
主题词: 数据结构--教材--高等学校 , JAVA语言--教材--高等学校--程序设计
电子资源:
ISBN: 978-7-302-41842-9
000 00981nam0 2200277 450
001 1794
005 20161201142750.32
010    @a978-7-302-41842-9@dCNY29.50
100    @a20151106d2015 em y0chiy0110 ea
101 0  @achi
102    @aCN@b110000
105    @aa z 000yy
200 1  @a数据结构@9shu ju jie gou@b专著@eJava语言版@f雷军环,吴名星编著
210    @a北京@c清华大学出版社@d2015.11
215    @a221页@c图@d26cm
300    @a21世纪高等学校计算机专业实用规划教材
330    @a本书内容包括数据结构概述、线性表、堆栈、队列、串、二叉树、图的6种主要数据结构的逻辑结构、存储结构、基本操作及排序和查找算法。
333    @a本书适用于高等学校计算机专业的学生
606 0  @a数据结构@j教材@x高等学校
606 0  @aJAVA语言@j教材@x高等学校@x程序设计
690    @aTP311.12@v5
690    @aTP312JA@v5
701  0 @a雷军环@9lei jun huan@4编著
701  0 @a吴名星@9wu ming xing@4编著
801  0 @aCN@b大连网信软件有限公司图书馆·11@c20161201
905    @aZUCC@dTP311.12@e1005
    
    数据结构:Java语言版/雷军环,吴名星编著.-北京:清华大学出版社,2015.11
    221页:图;26cm
    21世纪高等学校计算机专业实用规划教材.-使用对象:本书适用于高等学校计算机专业的学生
    
    ISBN 978-7-302-41842-9:CNY29.50
    本书内容包括数据结构概述、线性表、堆栈、队列、串、二叉树、图的6种主要数据结构的逻辑结构、存储结构、基本操作及排序和查找算法。
●
相关链接 在E读中查询图书 在五车中查询图书 在当当中查询图书 在豆瓣中查询图书


正题名:数据结构     索取号:TP311.12/1005         预约/预借

序号 登录号 条形码 馆藏地/架位号 状态 备注
1 909726   209097261   第二样本阅览室/ [索取号:TP311.12/1005] 在馆    
2 909727   209097270   密集书库—计算机科学学院/ [索取号:TP311.12/1005] 在馆    
3 909728   209097289   第三借阅区/ [索取号:TP311.12/1005] 在馆    
4 909729   209097298   第三借阅区/ [索取号:TP311.12/1005] 在馆    
5 909730   209097305   第三借阅区/ [索取号:TP311.12/1005] 在馆    
唐山师范学院图书馆 欢迎您!
大连网信软件有限公司© 版权所有